[Event "Regionalliga NO 1516"]
[Site "Bayern"]
[Date "2016.03.13"]
[Round "8.8"]
[White "Luther, Helmut"]
[Black "Boese, Carolin"]
[Result "1-0"]
[WhiteElo "1946"]
[BlackElo "1632"]
[PlyCount "97"]
[EventDate "2015.10.11"]
[EventType "team-tourn"]
[EventRounds "9"]
[EventCountry "GER"]
[SourceTitle "EXT 2018"]
[Source "ChessBase"]
[SourceDate "2017.10.13"]
[SourceVersion "1"]
[SourceVersionDate "2017.10.13"]
[SourceQuality "1"]
[WhiteTeam "Nuernberg Sued SW II"]
[BlackTeam "Bechhofen"]
[WhiteTeamCountry "GER"]
[BlackTeamCountry "GER"]

1. d4 d5 2. Nf3 e6 3. g3 c5 4. e3 Nf6 5. Bg2 Nc6 6. 0-0 b6 7. c4 Bb7 8. Nc3 Be7 9. cxd5 exd5 10. b3 0-0 11. Bb2 Re8 12. Rc1 Rc8 13. dxc5 Bxc5 14. Ne2 Ba6 15. Re1 Nb4 16. Nf4 Nxa2 17. Ra1 Nb4 18. Bc3 Bb5 19. Rxa7 Ne4 20. Ba1 Ba6 21. Bh3 Ra8 22. Rxa8 Qxa8 23. Bf1 Bb7 24. Qb1 Be7 25. Nh5 f6 26. Nf4 Rc8 27. Rc1 Nc5 28. Nd4 Nc6 29. b4 Nxd4 30. Bxd4 Nd7 31. Bh3 Rxc1+ 32. Qxc1 Nf8 33. b5 Qd8 34. Qa1 Bc5 35. Bg2 Qd7 36. Qa7 Bc8 37. Bxd5+ Kh8 38. Qxd7 Bxd7 39. Bxc5 bxc5 40. b6 Bb5 41. b7 Nd7 42. Ne6 c4 43. Nd4 c3 44. Be4 Ba6 45. f4 g6 46. g4 Kg7 47. Kf2 Kf8 48. Ke1 Ke8 49. Bc6 1-0

[Event "GER-chT U20 Girls"]
[Site "Osnabrueck"]
[Date "2015.12.29"]
[Round "5.3"]
[White "Boese, Carolin"]
[Black "Fuchs, Joline"]
[Result "1-0"]
[WhiteElo "1599"]
[BlackElo "1347"]
[PlyCount "31"]
[EventDate "2015.12.27"]
[EventType "team-swiss"]
[EventRounds "7"]
[EventCountry "GER"]
[SourceTitle "EXT 2017"]
[Source "ChessBase"]
[SourceDate "2016.10.25"]
[SourceVersion "1"]
[SourceVersionDate "2016.10.25"]
[SourceQuality "1"]
[WhiteTeam "Bechhofen"]
[BlackTeam "Chemnitz USG"]
[WhiteTeamCountry "GER"]
[BlackTeamCountry "GER"]

1. e4 e5 2. Nf3 Nc6 3. Bc4 Bc5 4. 0-0 Nf6 5. d4 Bxd4 6. Nxd4 Nxd4 7. f4 Nc6 8. Bxf7+ Kf8 9. fxe5 Nxe5 10. Bb3 Ke8 11. Bg5 Rf8 12. Nc3 c6 13. Bxf6 gxf6 14. Qh5+ Nf7 15. Rae1 Qb6+ 16. Kh1 1-0

[Event "GER-chT U20 Girls"]
[Site "Osnabrueck"]
[Date "2015.12.28"]
[Round "3.3"]
[White "Boese, Carolin"]
[Black "Nitzsche, Pia"]
[Result "1/2-1/2"]
[WhiteElo "1599"]
[BlackElo "1694"]
[PlyCount "62"]
[EventDate "2015.12.27"]
[EventType "team-swiss"]
[EventRounds "7"]
[EventCountry "GER"]
[SourceTitle "EXT 2017"]
[Source "ChessBase"]
[SourceDate "2016.10.25"]
[SourceVersion "1"]
[SourceVersionDate "2016.10.25"]
[SourceQuality "1"]
[WhiteTeam "Bechhofen"]
[BlackTeam "Chemnitz Aufbau"]
[WhiteTeamCountry "GER"]
[BlackTeamCountry "GER"]

1. e4 c5 2. Nc3 Nc6 3. Nf3 d6 4. d4 cxd4 5. Nxd4 Nf6 6. Bc4 g6 7. Be3 Bg7 8. 0-0 0-0 9. f3 a6 10. Nxc6 bxc6 11. Rb1 Qc7 12. Qe2 a5 13. Bf2 Rd8 14. Rfd1 Bb7 15. Na4 Nd7 16. Kh1 c5 17. Bb3 Nb6 18. c4 Nxa4 19. Bxa4 Bc6 20. Bxc6 Qxc6 21. Qc2 Rab8 22. Rd3 Rd7 23. Be1 Ra7 24. Ra3 Qc7 25. Bc3 Bxc3 26. Rxc3 a4 27. Qc1 Qa5 28. Qc2 Rab7 29. Qc1 Rb4 30. Rc2 Qb6 31. Qd2 Qa6 1/2-1/2

[Event "GER-chT U20 Girls"]
[Site "Osnabrueck"]
[Date "2015.12.27"]
[Round "1.3"]
[White "Boese, Carolin"]
[Black "Neisius, Laura Maria"]
[Result "1-0"]
[WhiteElo "1599"]
[BlackElo "1463"]
[PlyCount "105"]
[EventDate "2015.12.27"]
[EventType "team-swiss"]
[EventRounds "7"]
[EventCountry "GER"]
[SourceTitle "EXT 2017"]
[Source "ChessBase"]
[SourceDate "2016.10.25"]
[SourceVersion "1"]
[SourceVersionDate "2016.10.25"]
[SourceQuality "1"]
[WhiteTeam "Bechhofen"]
[BlackTeam "Freiburg Zaehringen"]
[WhiteTeamCountry "GER"]
[BlackTeamCountry "GER"]

1. e4 d5 2. Nf3 Bg4 3. exd5 Qxd5 4. Nc3 Qa5 5. Bc4 e6 6. 0-0 c6 7. d4 Nf6 8. a3 Bd6 9. Re1 0-0 10. Bd2 Qc7 11. h3 Bh5 12. Ne4 Be7 13. Ng3 Bg6 14. Ne5 Qb6 15. Nxg6 hxg6 16. Bc3 Nd5 17. Qg4 Nd7 18. Ne4 N7f6 19. Nxf6+ Bxf6 20. Bd3 Be7 21. Rab1 Qc7 22. Bd2 Rad8 23. c3 c5 24. Be3 c4 25. Bc2 b5 26. g3 a5 27. Bg5 b4 28. axb4 axb4 29. Bxe7 Qxe7 30. f4 Qd6 31. Qf3 f5 32. Re2 b3 33. Bd1 Ra8 34. Re5 Ra2 35. Be2 Qa6 36. Qf1 Rc8 37. g4 Kf7 38. g5 Ra4 39. h4 Ra2 40. h5 gxh5 41. Bxh5+ g6 42. Be2 Nxc3 43. bxc3 b2 44. Bd1 Qa3 45. Re3 Ra1 46. Bc2 Rxb1 47. Qxb1 Ra8 48. Kf2 Rh8 49. Kg3 Rd8 50. Qf1 Rxd4 51. Qe1 Rd6 52. Qh1 Rc6 53. Qxc6 1-0

[Event "Regionalliga NO 1516"]
[Site "Bayern"]
[Date "2015.11.15"]
[Round "3.8"]
[White "Schicker, Rudolf"]
[Black "Boese, Carolin"]
[Result "1/2-1/2"]
[WhiteElo "1744"]
[BlackElo "1632"]
[PlyCount "71"]
[EventDate "2015.10.11"]
[EventType "team-tourn"]
[EventRounds "9"]
[EventCountry "GER"]
[SourceTitle "EXT 2018"]
[Source "ChessBase"]
[SourceDate "2017.10.13"]
[SourceVersion "1"]
[SourceVersionDate "2017.10.13"]
[SourceQuality "1"]
[WhiteTeam "Windischeschenbach"]
[BlackTeam "Bechhofen"]
[WhiteTeamCountry "GER"]
[BlackTeamCountry "GER"]

1. Nf3 d5 2. c4 e6 3. b3 c5 4. cxd5 exd5 5. Bb2 Nf6 6. g3 Nc6 7. Bg2 Bf5 8. 0-0 Bd6 9. d4 0-0 10. Nc3 Re8 11. Nb5 Bf8 12. dxc5 Ne4 13. Nd6 Nxd6 14. cxd6 Qxd6 15. e3 Rad8 16. Nd4 Bg6 17. a3 a6 18. b4 Ne5 19. Qb3 Nc4 20. Rad1 Nxb2 21. Qxb2 Qf6 22. Qe2 Qg5 23. Rd2 Rd7 24. Rfd1 Be4 25. Rc1 g6 26. Nb3 Qd8 27. Qd1 b6 28. Rc6 a5 29. bxa5 bxa5 30. Bxe4 Rxe4 31. Nc5 Bxc5 32. Rxc5 d4 33. Qc2 Re8 34. Qd1 Qb6 35. exd4 Rxd4 36. Rxd4 1/2-1/2

[Event "Mittelfranken-chTB2a 1415"]
[Site "Mittelfranken"]
[Date "2015.03.22"]
[Round "8.8"]
[White "Boese, Carolin"]
[Black "Babichev, Vyacheslav"]
[Result "1-0"]
[WhiteElo "1632"]
[BlackElo "1699"]
[PlyCount "121"]
[EventDate "2014.09.28"]
[EventType "team-tourn"]
[EventRounds "9"]
[EventCountry "GER"]
[SourceTitle "EXT 2020"]
[Source "ChessBase"]
[SourceDate "2019.10.17"]
[SourceVersion "1"]
[SourceVersionDate "2019.10.17"]
[SourceQuality "1"]
[WhiteTeam "Bechhofen II"]
[BlackTeam "Nuernberg Sued SW IV"]
[WhiteTeamCountry "GER"]
[BlackTeamCountry "GER"]

1. e4 e6 2. d4 b6 3. Nf3 Bb7 4. Bd3 g6 5. Bf4 Bg7 6. c3 d6 7. 0-0 Nf6 8. Nbd2 Nh5 9. Be3 e5 10. d5 0-0 11. Nc4 Nf4 12. Bc2 Nd7 13. Qd2 Ba6 14. Bb3 Nc5 15. Bxf4 exf4 16. Qxf4 Re8 17. Nfd2 Nxb3 18. axb3 Bb5 19. Rfe1 f6 20. Nf3 a5 21. Nd4 Bd7 22. h3 Re7 23. Re3 Qf8 24. Ree1 Bh6 25. Qf3 Bg5 26. Kf1 Rf7 27. Ne3 h5 28. c4 Qe8 29. Nec2 Bh6 30. Qg3 Kh7 31. Re2 Qe5 32. Qxe5 fxe5 33. Nf3 Bxh3 34. Nxe5 Bxg2+ 35. Kxg2 dxe5 36. b4 Bf8 37. b3 Bh6 38. c5 Bf8 39. c6 Bd6 40. f3 Rff8 41. bxa5 Rxa5 42. Rxa5 bxa5 43. Ne3 Bb4 44. Nc4 Re8 45. Ra2 Kg7 46. Ra4 Kf6 47. Nxa5 Bf8 48. Nc4 g5 49. Ra7 Rc8 50. Kg3 Be7 51. Rb7 Bd8 52. b4 Ra8 53. b5 h4+ 54. Kg4 Ra1 55. d6 Rh1 56. dxc7 Bxc7 57. Rxc7 h3 58. Kg3 h2 59. b6 Rc1 60. Kxh2 Rxc4 61. b7 1-0

[Event "GER-chT U14 Girls"]
[Site "Regensburg"]
[Date "2014.12.28"]
[Round "3.2"]
[White "Boese, Carolin"]
[Black "Neumann, Konstantina"]
[Result "1-0"]
[WhiteElo "1410"]
[BlackElo "1182"]
[PlyCount "77"]
[EventDate "2014.12.27"]
[EventType "team-swiss"]
[EventRounds "7"]
[EventCountry "GER"]
[SourceTitle "EXT 2016"]
[Source "ChessBase"]
[SourceDate "2015.10.08"]
[SourceVersion "1"]
[SourceVersionDate "2015.10.08"]
[SourceQuality "1"]
[WhiteTeam "Regensburg Bavaria"]
[BlackTeam "Guetersloh"]
[WhiteTeamCountry "GER"]
[BlackTeamCountry "GER"]

1. e4 e5 2. Bc4 Nf6 3. Nf3 Nc6 4. Ng5 d5 5. exd5 Nxd5 6. Nxf7 Kxf7 7. Qf3+ Qf6 8. Bxd5+ Be6 9. Bxc6 bxc6 10. Qxc6 Bd6 11. Nc3 Rhf8 12. d3 Kg8 13. Ne4 Qf7 14. 0-0 Rad8 15. Ng5 Qg6 16. f4 Rde8 17. fxe5 Rxf1+ 18. Kxf1 Qf5+ 19. Nf3 Bd7 20. Qc4+ Be6 21. Qf4 Qxf4 22. Bxf4 Bc5 23. d4 Bb6 24. b3 Rf8 25. Be3 Bd5 26. Ke2 Be4 27. c4 Rc8 28. d5 Rf8 29. e6 Bg6 30. b4 a5 31. Bxb6 cxb6 32. bxa5 bxa5 33. d6 Bf5 34. e7 Re8 35. Rd1 Bd7 36. Ne5 Bc8 37. d7 Bxd7 38. Rxd7 h6 39. Rd8 1-0

[Event "Nuremberg Zabo op 16th"]
[Site "Nuremberg"]
[Date "2014.09.21"]
[Round "4"]
[White "Mantel, Ruben"]
[Black "Boese, Carolin"]
[Result "1-0"]
[WhiteElo "1666"]
[BlackElo "1496"]
[PlyCount "49"]
[EventDate "2014.09.19"]
[EventType "swiss"]
[EventRounds "5"]
[EventCountry "GER"]
[SourceTitle "EXT 2018"]
[Source "ChessBase"]
[SourceDate "2017.10.13"]
[SourceVersion "1"]
[SourceVersionDate "2017.10.13"]
[SourceQuality "1"]

1. e4 e5 2. Nc3 Nf6 3. Bc4 Bc5 4. d3 h6 5. f4 d6 6. Na4 Bb6 7. Nxb6 axb6 8. Nf3 Nc6 9. 0-0 0-0 10. Qe1 Qe7 11. Qg3 Nh5 12. Qf2 Nxf4 13. Bxf4 exf4 14. Nh4 Qe5 15. Ng6 Qf6 16. Nxf8 Kxf8 17. Qxf4 Qxf4 18. Rxf4 Ne5 19. Raf1 f6 20. a3 Bd7 21. Bb3 Nc6 22. g4 Nd4 23. Kg2 Ne2 24. R4f2 Bxg4 25. h3 1-0

[Event "GER-ch U14 Girls"]
[Site "Magdeburg"]
[Date "2014.06.14"]
[Round "9"]
[White "Boese, Carolin"]
[Black "Ratay, Meike"]
[Result "1/2-1/2"]
[WhiteElo "1518"]
[BlackElo "1513"]
[PlyCount "49"]
[EventDate "2014.06.08"]
[EventType "swiss"]
[EventRounds "9"]
[EventCountry "GER"]
[SourceTitle "CBM 160 Extra"]
[Source "ChessBase"]
[SourceDate "2014.07.01"]
[SourceVersion "1"]
[SourceVersionDate "2014.07.01"]
[SourceQuality "1"]

1. e4 e5 2. Nf3 Nc6 3. Bc4 Bc5 4. 0-0 d6 5. c3 Bg4 6. b4 Bb6 7. a4 a6 8. d3 Nf6 9. Bg5 h6 10. Bxf6 Qxf6 11. Nbd2 g5 12. b5 axb5 13. axb5 Na7 14. Bd5 Rb8 15. Bc4 Rg8 16. h3 Bh5 17. g4 Bg6 18. Nh2 Qf4 19. Kg2 Rh8 20. Ndf3 h5 21. Qd2 Qxd2 22. Nxd2 hxg4 23. Nxg4 Ke7 24. Ne3 Bxe3 25. fxe3 1/2-1/2

[Event "GER-ch U14 Girls"]
[Site "Magdeburg"]
[Date "2014.06.12"]
[Round "7"]
[White "Mueller, Sophie Elisabeth"]
[Black "Boese, Carolin"]
[Result "1/2-1/2"]
[WhiteElo "1509"]
[BlackElo "1518"]
[PlyCount "52"]
[EventDate "2014.06.08"]
[EventType "swiss"]
[EventRounds "9"]
[EventCountry "GER"]
[SourceTitle "CBM 160 Extra"]
[Source "ChessBase"]
[SourceDate "2014.07.01"]
[SourceVersion "1"]
[SourceVersionDate "2014.07.01"]
[SourceQuality "1"]

1. d4 d5 2. c4 e6 3. Nc3 c5 4. cxd5 exd5 5. Nf3 Nc6 6. g3 Nf6 7. Bg2 Be7 8. 0-0 0-0 9. Re1 b6 10. Bg5 Be6 11. e3 h6 12. Bxf6 Bxf6 13. Rc1 Bg4 14. dxc5 d4 15. exd4 Bxd4 16. Qc2 Bxc5 17. Ne5 Nd4 18. Qa4 Be6 19. b4 Bd6 20. Rcd1 Bxe5 21. Rxe5 Rc8 22. Nd5 Bxd5 23. Rxd5 Ne2+ 24. Kf1 Qe7 25. Qd7 Qxd7 26. Rxd7 Nc3 1/2-1/2

[Event "GER-chT Lands U20"]
[Site "Hannover"]
[Date "2013.10.05"]
[Round "6.8"]
[White "Bui, Ngoc Han Julia"]
[Black "Boese, Carolin"]
[Result "1-0"]
[WhiteElo "1386"]
[BlackElo "1219"]
[PlyCount "57"]
[EventDate "2013.10.02"]
[EventType "team-swiss"]
[EventRounds "7"]
[EventCountry "GER"]
[SourceTitle "EXT 2014"]
[Source "ChessBase"]
[SourceDate "2013.11.20"]
[SourceVersion "1"]
[SourceVersionDate "2013.11.20"]
[SourceQuality "1"]
[WhiteTeam "Sachsen"]
[BlackTeam "Bayern"]
[WhiteTeamCountry "GER"]
[BlackTeamCountry "GER"]

1. e4 e6 2. d4 d5 3. Nd2 Nc6 4. Ngf3 Nf6 5. e5 Nd7 6. Be2 f6 7. exf6 Qxf6 8. Nb3 e5 9. dxe5 Ndxe5 10. Qxd5 Be6 11. Qd1 Rd8 12. Nfd2 Bxb3 13. axb3 Bc5 14. 0-0 Rd4 15. Qe1 0-0 16. c3 Rf4 17. Bf3 Ng4 18. Ne4 Qh4 19. Bxf4 Rxf4 20. Bxg4 Ne5 21. Nxc5 Nxg4 22. h3 Nf6 23. Rxa7 g5 24. Ra8+ Kg7 25. Ne6+ Kg6 26. Nxf4+ gxf4 27. Qe6 Kg5 28. Qe5+ Kg6 29. Rf8 1-0

[Event "GER-chT Lands U20"]
[Site "Hannover"]
[Date "2013.10.03"]
[Round "3.8"]
[White "Boese, Carolin"]
[Black "Schulze, Lara"]
[Result "1/2-1/2"]
[WhiteElo "1219"]
[BlackElo "1561"]
[PlyCount "93"]
[EventDate "2013.10.02"]
[EventType "team-swiss"]
[EventRounds "7"]
[EventCountry "GER"]
[SourceTitle "EXT 2014"]
[Source "ChessBase"]
[SourceDate "2013.11.20"]
[SourceVersion "1"]
[SourceVersionDate "2013.11.20"]
[SourceQuality "1"]
[WhiteTeam "Bayern"]
[BlackTeam "Niedersachsen"]
[WhiteTeamCountry "GER"]
[BlackTeamCountry "GER"]

1. e4 c5 2. Nc3 Nc6 3. d3 g6 4. g3 Bg7 5. Bg2 d6 6. Be3 Nf6 7. f3 a6 8. Nge2 0-0 9. h4 h5 10. Qd2 Kh7 11. 0-0-0 b5 12. d4 cxd4 13. Nxd4 Ne5 14. Qe2 Nc4 15. Bg5 Qb6 16. b3 Na5 17. Be3 Qc7 18. Qd2 Bb7 19. Bh3 Bc8 20. Bg2 Bd7 21. Nde2 b4 22. Nd5 Nxd5 23. exd5 Rfc8 24. Nd4 Qc3 25. Qxc3 Rxc3 26. Rhe1 Rc7 27. f4 Rac8 28. Rd2 Nb7 29. Ree2 Nc5 30. Nc6 Bxc6 31. dxc6 Bc3 32. Rd1 a5 33. Bxc5 dxc5 34. Rd7 Bf6 35. Red2 Kg7 36. Rxc7 Rxc7 37. Rd7 Rxd7 38. cxd7 e6 39. Kd2 Kf8 40. Bc6 Ke7 41. Ke3 Bd4+ 42. Kf3 Bf6 43. Bb5 Kd6 44. Ke4 Bd8 45. Kd3 Kd5 46. Ke3 Kd6 47. Ke4 1/2-1/2

[Event "GER-chT Lands U20"]
[Site "Hannover"]
[Date "2013.10.02"]
[Round "1.8"]
[White "Boese, Carolin"]
[Black "Muetsch, Annmarie"]
[Result "0-1"]
[WhiteElo "1219"]
[BlackElo "1360"]
[PlyCount "46"]
[EventDate "2013.10.02"]
[EventType "team-swiss"]
[EventRounds "7"]
[EventCountry "GER"]
[SourceTitle "EXT 2014"]
[Source "ChessBase"]
[SourceDate "2013.11.20"]
[SourceVersion "1"]
[SourceVersionDate "2013.11.20"]
[SourceQuality "1"]
[WhiteTeam "Bayern"]
[BlackTeam "Wuerttemberg"]
[WhiteTeamCountry "GER"]
[BlackTeamCountry "GER"]

1. e4 e5 2. Bc4 Nf6 3. Nf3 Nc6 4. Ng5 d5 5. exd5 Na5 6. Bb5+ c6 7. dxc6 bxc6 8. Qf3 Bb7 9. Bf1 Bd6 10. Qc3 Nd5 11. Qg3 e4 12. Qg4 0-0 13. Nxe4 f5 14. Nf6+ Nxf6 15. Qa4 Re8+ 16. Kd1 Ne4 17. Bc4+ Kf8 18. d3 Nxf2+ 19. Kd2 Bf4+ 20. Kc3 Be5+ 21. Kd2 Qg5+ 22. Ke2 Bd4+ 23. Kf1 Qxc1# 0-1

[Event "Nuremberg Zabo op 15th"]
[Site "Nuremberg"]
[Date "2013.09.20"]
[Round "1"]
[White "Boese, Carolin"]
[Black "Boehme, Andre"]
[Result "0-1"]
[WhiteElo "1219"]
[BlackElo "1787"]
[PlyCount "48"]
[EventDate "2013.09.20"]
[EventType "swiss"]
[EventRounds "5"]
[EventCountry "GER"]
[SourceTitle "EXT 2016"]
[Source "ChessBase"]
[SourceDate "2015.10.08"]
[SourceVersion "1"]
[SourceVersionDate "2015.10.08"]
[SourceQuality "1"]

1. e4 c5 2. d3 e6 3. Nc3 Nc6 4. g3 a6 5. Bg2 b5 6. f4 Bb7 7. Nf3 Qc7 8. Bd2 Rd8 9. f5 Nd4 10. Nxd4 cxd4 11. fxe6 dxe6 12. Ne2 Nf6 13. Rf1 h5 14. Bg5 Bb4+ 15. Bd2 Be7 16. Nf4 h4 17. g4 h3 18. Bf3 Nd7 19. Rc1 Bh4+ 20. Ke2 g5 21. Nxh3 Qxh2+ 22. Nf2 Ne5 23. Bh1 Nxg4 24. Be1 Ne3 0-1

[Event "GER-ch U12"]
[Site "Oberhof"]
[Date "2013.05.20"]
[Round "4"]
[White "Boese, Carolin"]
[Black "Petersen, Marcel"]
[Result "0-1"]
[WhiteElo "1263"]
[BlackElo "1582"]
[PlyCount "72"]
[EventDate "2013.05.19"]
[EventType "swiss"]
[EventRounds "11"]
[EventCountry "GER"]
[SourceTitle "CBM 154 Extra"]
[Source "ChessBase"]
[SourceDate "2013.06.25"]
[SourceVersion "2"]
[SourceVersionDate "2013.06.25"]
[SourceQuality "1"]

1. f4 d5 2. e3 c5 3. Nf3 Nc6 4. b3 Nf6 5. Bb2 e6 6. Bb5 Bd7 7. d3 Bd6 8. Bxc6 Bxc6 9. Ne5 Bxe5 10. Bxe5 h5 11. h3 d4 12. e4 Nd7 13. Bxg7 Qh4+ 14. Kf1 Qxf4+ 15. Kg1 Rh7 16. Qf3 Qxf3 17. gxf3 Rxg7+ 18. Kf2 0-0-0 19. Nd2 b5 20. Rhg1 Rdg8 21. h4 Ne5 22. Rxg7 Rxg7 23. Rg1 Rxg1 24. Kxg1 Ng6 25. Kh2 Nxh4 26. Kh3 Ng6 27. Nf1 e5 28. Ng3 Bd7+ 29. Nf5 Bxf5+ 30. exf5 Nf4+ 31. Kh4 f6 32. Kg3 b4 33. Kh4 Kd7 34. Kg3 Ke7 35. Kh4 Kf7 36. Kg3 Kg7 0-1

[Event "GER-chT U14 Girls"]
[Site "Gross Doelln"]
[Date "2010.12.27"]
[Round "1.3"]
[White "Schroedter, Lisa"]
[Black "Boese, Carolin"]
[Result "1-0"]
[WhiteElo "1132"]
[BlackElo "753"]
[PlyCount "113"]
[EventDate "2010.12.27"]
[EventType "team-swiss"]
[EventRounds "7"]
[EventCountry "GER"]
[SourceTitle "CBM 140 Extra"]
[Source "ChessBase"]
[SourceDate "2011.03.01"]
[SourceVersion "1"]
[SourceVersionDate "2011.03.01"]
[SourceQuality "1"]
[WhiteTeam "Paderborn"]
[BlackTeam "Bechhofen"]
[WhiteTeamCountry "GER"]
[BlackTeamCountry "GER"]

1. e4 e5 2. Nf3 Nc6 3. Bc4 Bc5 4. Nc3 Nf6 5. 0-0 d6 6. h3 0-0 7. d3 Nd4 8. Be3 Be6 9. Bxe6 Nxe6 10. Qd2 Nd4 11. Bxd4 Bxd4 12. Nxd4 exd4 13. Ne2 Nd7 14. Nxd4 Nc5 15. Qf4 Na4 16. b3 Nc3 17. Qd2 c5 18. Qxc3 cxd4 19. Qxd4 Rc8 20. c4 Re8 21. Rae1 Re6 22. Re3 Rg6 23. Qd5 Rc5 24. Qxb7 Rcg5 25. Rg3 Rxg3 26. fxg3 Rxg3 27. Qxf7+ Kh8 28. Rf4 Qg8 29. Qf8 h6 30. Qxg8+ Kxg8 31. d4 Kh7 32. Kf2 Rc3 33. Rf3 Rc2+ 34. Kg3 Rxa2 35. Rf7 Kg6 36. Rd7 Ra6 37. b4 Kf6 38. b5 Ke6 39. Rxg7 Ra4 40. Rg6+ Kd7 41. Kf4 Rxc4 42. d5 Rb4 43. Rxh6 a5 44. Rh7+ Kc8 45. g4 a4 46. Ra7 Kb8 47. Ra6 Kb7 48. g5 Kc8 49. g6 Rxb5 50. g7 Kb7 51. Rxa4 Rb3 52. g8Q Rxh3 53. Rc4 Ra3 54. Qc8+ Kb6 55. Qc6+ Ka7 56. Rb4 Ra6 57. Qb7# 1-0